000 00462nam a2200169Ia 4500
008 121030t1996 xxu||||| |||| 00| 0 sin d
041 _asin
080 _aX8S1
_bILA
100 _aErik Ilayaparachchi
245 _aවෙසතුරු සිරිතක්
246 _aVesathuru Sirithak
260 _bDayavansha Jayakodi Samagama
_aColombo 10
_c1996
300 _b76p., 21 cm
942 _cBK
999 _c76575
_d76575
003 LK-CoDNM
040 _aLK-CoDNM
_dLK-CoDNM
_eLK-CoDNM